XFL Football Team Logos - Statistics

General Stats
  • This quiz has been taken 22 times
  • The average score is 6 of 8
Answer Stats
Picture Answer % Correct
DC Defenders
94%
St. Louis Battlehawks
89%
Houston Roughnecks
83%
San Antonio Brahmas
83%
Arlington Renegades
78%
Vegas Vipers
78%
Seattle Sea Dragons
72%
Orlando Guardians
56%
No matching quizzes found
Score Distribution
Percent of People with Each Score
Percentile by Number Answered
Your Score History
You have not taken this quiz